| 000 | 00631 a2200169 4500 | ||
|---|---|---|---|
| 020 | _a0486665216 | ||
| 040 |
_aDLC _bDLC |
||
| 082 | 0 | 0 | _a003/.54 |
| 100 | 1 | _aAsh, Robert B. | |
| 245 | 1 | 0 |
_aInformation theory _cby Robert B. Ash |
| 260 |
_aNew York : _bDover Publications, _c1990. |
||
| 300 |
_axi, 339 p. : _bill. ; _c22 cm. |
||
| 500 | _a"Unabridged and corrected republication of the work originally published by Interscience Publishers ... New York, 1965"--T.p. verso. | ||
| 650 | 0 | _aInformation theory. | |
| 856 | 4 | 2 |
_3Publisher description _uhttp://www.loc.gov/catdir/description/dover033/90045415.html |
| 942 |
_cBK _k003.54 ASH _2ddc |
||
| 999 |
_c4145 _d4145 |
||